|
|
|
|
| LEADER |
00000nab a2200000 a 4500 |
| 001 |
vtls010967915 |
| 003 |
SK-MaSNL |
| 005 |
20260303215258.0 |
| 008 |
151021|20151020xo z||p 000 0 slo |
| 038 |
|
|
|a KEVKJB
|
| 040 |
|
|
|a KEVKJB
|b slo
|c KEVKJB
|e AACR2
|
| 041 |
0 |
|
|a slo
|
| 044 |
|
|
|a xo
|c SK
|
| 080 |
|
|
|a 364-78
|2 2001
|
| 100 |
1 |
|
|a Kocsisová, Edina
|4 aut
|9 1089725
|
| 245 |
1 |
0 |
|a Riaditeľka nás šikanuje
|b pracovníčky z centra pedagogicko-psychologického poradenstva a prevencie hromadne žiadajú odchod šéfky, vraj porušuje mnohé právne predpisy
|c Edina Kocsisová
|
| 300 |
|
|
|b Fotogr.
|
| 610 |
2 |
7 |
|a Centrum pedagogicko-psychologického poradenstva a prevencie (Košice, Slovensko)
|2 kevkjb
|9 1098657
|
| 650 |
0 |
7 |
|a sociálna prevencia
|2 kevkjb
|9 1556
|
| 650 |
0 |
7 |
|a sociálna práca
|2 kevkjb
|9 1550
|
| 650 |
0 |
7 |
|a petície
|2 kevkjb
|9 13945
|
| 651 |
|
7 |
|a Košice (Slovensko)
|2 kevkjb
|9 18694
|
| 773 |
0 |
|
|t košice:dnes
|g Roč. 2, č. 200 (20.10.2015), s. 2-3
|x 1339-7605
|
| 852 |
|
|
|a KEVKJB
|b KIS3GCP
|
| 999 |
|
|
|c 2220813
|d 2222743
|